Statistics for Districts of Trabzon (Trabzon'un ilçeleri).

Click here to take the quiz!

General Stats

  • This quiz has been taken 82 times
  • The average score is 12 of 18

Answer Stats

Population (Nüfus)District (İlçe)% Correct
43.591Of
93%
24.709Maçka
91%
129.290Akçaabat
89%
25.950Sürmene
84%
47.283Yomra
77%
48.581Araklı
70%
13.457Tonya
70%
335.628Ortahisar
68%
27.060Vakfıkebir
68%
30.911Arsin
66%
23.774Beşikdüzü
66%
13.070Çaykara
66%
13.312Düzköy
52%
3.761Dernekpazarı
50%
7.667Hayrat
48%
10.434Şalpazarı
48%
15.227Çarşıbaşı
41%
4.318Köprübaşı
41%

Score Distribution

Percentile by Number Answered

Percent of People with Each Score

Your Score History

You have not taken this quiz